01521nam a2200349 i 450000100060000000300080000600500170001400600190003100700150005000800410006502000270010603500220013304000310015505000210018608000080020708200150021511101700023024501950040026400790059530000400067433600310071433700330074533800430077850400290082158800830085065000310093365000400096465000330100465000450103765500270108285600620110939333FINmELB20241216221643.0m o u cr cn|||||||||211229s2007 ag ob 000 0 spa d a9789807082013 (e-book) a(OCoLC)1292941464 aFINmELBbspaerdacFINmELB14aJC362bS471 2007 a32704a327.172232 aSeminario Internacional "Nuevos retos de la integración en América Latina y el Caribe: ¿profundización o fragmentación del regionalismo?"d(2007 :cCaracas)10aNuevos retos de la integración en América Latina y el Caribe :b¿profundización o fragmentación del regionalismo? /cInstituto Venezolano de Estudios Sociales y Políticos, editor. 1aCaracas :bInstituto Venezolano de Estudios Sociales y Políticos,c2007. a1 recurso en línea (70 páginas) atextobtxt2rdacontent/spa acomputadorabc2rdamedia/spa arecurso en líneabcr2rdacarrier/spa aContiene bibliografía. aDescripción basada en metadatos suministrados por el editor y otras fuentes. 0aInternational cooperation. 0aInternational economic integration. 4aCooperación internacional. 4aIntegración económica internacional. 4aLibros electrónicos.40uhttps://elibro.net/ereader/politecnicointernacional/76209